01530cam a2200373 a 4500999001700000001000800017003000900025005001700034008004100051020001800092040003800110082001900148100004900167245003800216246007100254264004900325264001100374300002900385336002600414337002800440338002700468500002600495500002000521520015900541586006900700590001000769650005100779650005800830650005600888653002300944655001700967942001200984952016000996 c16844d168443471545EG-ScBUE20191230104123.0931221t1994 nyu f 001 0 eng d a9780156724005 aDLCbengerdacDLCdDLCdEG-ScBUE04a808.1bOLI2221 aOliver, Mary,‏d1935-2019,eauthor.93047312aA poetry handbook /cMary Oliver.34apoetry handbook :bprose guide to understanding and writing poetry 1aOrlando, Florida :bHarcourt, Inc. :c[1994] 4cc 1994 aviii, 130 pages ;c21 cm 2rdacontentatextbtxt 2rdamediaaunmediatedbn 2rdacarrieravolumebnc a"A Harvest original." aIncludes index. aOffers advice on reading and writing poetry, and discusses imitation, sound, the line, poem forms, free verse, diction, imagery, revision, and workshops.  aBy the winner of the Pulitzer prize and the national book award. ahager 7aEnglish languagexVersification.2BUEsh930474 7aAmerican poetryxHistory and criticism.2BUEsh930475 7aEnglish poetryxHistory and criticism2BUEsh930476 bHHUUEENNcJuly2019 vReading book 2ddccBB 00102ddc40708BaccahaMAINbMAINc2NDd2012-07-10epurchaseg104.00h15359l2m21o808.1 OLIp000026946r2025-07-15 00:00:00s2018-02-22w2012-07-10yBB